| 000 | 01188nam a22002297a 4500 | ||
|---|---|---|---|
| 999 |
_c21715 _d21715 |
||
| 003 | AR-CdUCM | ||
| 008 | 190425b ||||| |||| 00| 0 spa d | ||
| 040 |
_aMUNICIPALIDAD PROVINCIAL DEL CUSCO _cBIBLIOTECA MUNICIPAL DEL CUSCO |
||
| 082 |
_aRev.Univ/N°56/1927 _bRev.Univ/N°56/1927 _23° trimestre 1927 |
||
| 110 |
_aUniversidad Nacional de San Antonio Abad del Cusco _915942 |
||
| 245 |
_aRevista Universitaria : _bÓrgano de la Universidad del Cuzco / |
||
| 260 |
_aCusco : _bH. G. Rozas, _c1927. |
||
| 300 |
_a75 páginas. : _c20 cm. |
||
| 440 |
_aRevista Universitaria _nAño XII, 3° trimestre 1927, N°56 _945839 |
||
| 500 | _aCuenta hasta la pagina 75 de allí salta al 145 suplemento ultima entrega de exploración e incidentes de viaje en la tierra de los incas de G. Squier y finaliza en la página 168 | ||
| 505 | _aContenido: Anteproyecto de reorganización de la Universidad del Cuzco, presentado por la comisión especial designada por el Ministro de Instrucción Pública. | ||
| 650 |
_aReforma universitaria _91992 |
||
| 650 |
_aUniversidad del Cusco _912512 |
||
| 710 |
_aUniversidad Nacional de San Antonio Abad del Cusco _915942 |
||
| 942 |
_2ddc _cPP |
||
| 945 | _arac | ||